Sports Quiz

Random Sports or College Quiz

Most NCAA Wins Without a Championship Quiz Stats

 Plays Quiz Updated Mar 12, 2018

Challenge
Share
Tweet
Embed
Score 0/23 Timer 05:00
4 Plays Today
Tournament Wins School % Correct
41Oklahoma
86.7%
35Texas
86.5%
40Illinois
74.5%
29Iowa
73.6%
39Purdue
73.4%
21Alabama
72.2%
29Virginia
71.2%
37Kansas State
71%
28Wake Forest
66.2%
31Gonzaga
65.8%
23Georgia Tech
62.5%
24Louisiana State
59.6%
Tournament Wins School % Correct
22Missouri
57.4%
38Notre Dame
54.7%
31West Virginia
54.6%
24Pittsburgh
54.6%
22Boston College
54.5%
27St. John's
50.8%
28Xavier
48.8%
34Memphis
47.9%
24Butler
42.2%
33Temple
39.1%
26Houston
39%

You're not logged in!

Compare scores with friends on all Sporcle quizzes.
OR
Log In

You Might Also Like...

Show Comments

Extras

Top Quizzes Today


Score Distribution

Your Account Isn't Verified!

In order to create a playlist on Sporcle, you need to verify the email address you used during registration. Go to your Sporcle Settings to finish the process.

Report this User

Report this user for behavior that violates our Community Guidelines.

Details: